Meaningful texts (Record no. 279776)

MARC details
000 -LEADER
fixed length control field 00874nam a2200277Ia 4500
003 - CONTROL NUMBER IDENTIFIER
control field OSt
005 - DATE AND TIME OF LATEST TRANSACTION
control field 20220918223934.0
008 - FIXED-LENGTH DATA ELEMENTS--GENERAL INFORMATION
fixed length control field 220917b |||||||| |||| 00| 0 eng d
037 ## - SOURCE OF ACQUISITION
Terms of availability Textual
040 ## - CATALOGING SOURCE
Original cataloging agency ARTS
Transcribing agency ARTS
Language of cataloging eng
041 ## - LANGUAGE CODE
Source of code eng
Language code of text/sound track or separate title eng
100 ## - MAIN ENTRY--PERSONAL NAME
Personal name Barnbrook Geoff Ed.
9 (RLIN) 146901
245 #0 - TITLE STATEMENT
Title Meaningful texts
Remainder of title The extraction of semantic information from Monolingual and multilingual corpora
260 ## - PUBLICATION, DISTRIBUTION, ETC.
Place of publication, distribution, etc. London
Name of publisher, distributor, etc. Continuuam
Date of publication, distribution, etc. 2005
300 ## - PHYSICAL DESCRIPTION
Extent ix, 230p
Dimensions cm.
490 ## - SERIES STATEMENT
Series statement Corpus and discourse
650 ## - SUBJECT ADDED ENTRY--TOPICAL TERM
Topical term or geographic name entry element LINGUISTICS
700 ## - ADDED ENTRY--PERSONAL NAME
Personal name Danielsson Pernilla Ed.
9 (RLIN) 146902
700 ## - ADDED ENTRY--PERSONAL NAME
Personal name Mahlberg Michaela Ed.
9 (RLIN) 146903
942 ## - ADDED ENTRY ELEMENTS (KOHA)
Classification part P:4, P5
Koha item type Textual
Source of classification or shelving scheme Colon Classification (CC)
Holdings
Withdrawn status Lost status Damaged status Not for loan Home library Current library Date acquired Total Checkouts Full call number Barcode Date last seen Price effective from Koha item type
        Arts Library Arts Library 2022-09-18   P:4 P5 AL1334940 2022-09-18 2022-09-18 Textual
Copyright @ Delhi University Library System